000 00542cam a2200217 4500
001 45409
010 _a9727112943
021 _b139634/99
090 _a45409
100 _a20000329d1999 m y0pory5003 ba
101 0 _apor
102 _aPT
200 1 _aVeronika decide morrer
_fPaulo Coelho
205 _a1.ยช ed.
210 9 _aLisboa
_cPergaminho,
_d1999
215 _a242, [6] p.
_d23 cm
225 2 _aObras de Paulo Coelho
_v7
675 _a821.134.3(81)-31"19/20"
_vBN
_zpor
700 1 _aCoelho,
_bPaulo,
_f1947-
801 _aPT
_gRPC
990 _cLIVROS